El poder de las imágenes: estudios sobre la historia y la teoría de la respuesta

保存先:
書誌詳細
第一著者: Freedberg, David (著者)
フォーマット: 図書
言語:スペイン語
出版事項: Madrid Cátedra 2010
版:3a. ed
シリーズ:Grandes Temas
主題:
タグ: タグ追加
タグなし, このレコードへの初めてのタグを付けませんか!

MARC

LEADER 00000cam a2200000 a 4500
001 UCG9279
003 CL-VaPUC
008 120309e20100000SP |||||||||||||||||spa|d
020 |a 9788437625546 
082 0 4 |a 701.15  |b FRE  |2 21 
100 0 |a Freedberg, David  |e author  |9 560767 
245 1 3 |a El poder de las imágenes: estudios sobre la historia y la teoría de la respuesta 
250 |a 3a. ed 
300 |a 496 p 
942 |c BK 
945 |d 20120309 00:00:00  |a dcastane 
260 |a Madrid  |b Cátedra  |c 2010 
650 0 |a Arte   |v Aspectos psicológicos   |9 560768 
650 0 |a Simbolismo  |9 267046 
650 0 |a Imágenes   |9 361884 
583 |a last modification  |c 20170920 09:58:55  |k Rodrigo Vera 
490 0 |a Grandes Temas 
999 |c 346840  |d 346838 
952 |0 0  |1 0  |4 0  |6 701_150000000000000_FRE_2010  |7 0  |8 A  |9 447770  |a BIBHIS  |b BIBHIS  |d 2019-11-22  |i 4803825  |l 11  |o 701.15 FRE 2010  |p 4803825  |r 2025-01-20  |s 2024-05-22  |w 2019-11-22  |y BK  |k HIS 
952 |0 0  |1 0  |3 erd  |4 0  |6 701_150000000000000_FRE_2010  |7 0  |8 A  |9 447771  |a BIBART  |b BIBART  |i 5424623  |l 1  |o 701.15 FRE 2010  |p 5424623  |r 2023-01-11  |s 2022-05-06  |w 2019-11-22  |y BK  |z Catalogado en:20170922  |k ART